[Event "FRA-ch op-B"]
[Site "Chartres"]
[Date "2005.??.??"]
[Round "10"]
[White "Studer, Vital Alexander"]
[Black "Denes, Maxime"]
[Result "0-1"]
[WhiteElo "1499"]
[BlackElo "1950"]
[PlyCount "77"]
[EventDate "2005.08.15"]
[EventType "swiss"]
[EventRounds "11"]
[EventCountry "FRA"]
[SourceTitle "EXT 2006"]
[Source "ChessBase"]
[SourceDate "2005.11.24"]
[SourceVersion "1"]
[SourceVersionDate "2005.11.24"]
[SourceQuality "1"]

1. c4 g6 2. Nc3 Bg7 3. g3 e5 4. Bg2 f5 5. d3 Nf6 6. Bg5 h6 7. Bxf6 Qxf6 8. e4 c6 9. exf5 Qxf5 10. Bh3 Qf7 11. Ne4 0-0 12. Qc2 Qe7 13. c5 b6 14. Qb3+ Kh7 15. cxb6 axb6 16. Qxb6 d5 17. Qc5 Qb7 18. Nc3 e4 19. Nd1 exd3 20. Bxc8 Qxc8 21. Kf1 Nd7 22. Qe3 Qa6 23. Kg2 Rae8 24. Qd2 d4 25. f3 Ne5 26. Nf2 c5 27. f4 Qc6+ 28. Kh3 Qe6+ 29. Kg2 Qd5+ 30. Kh3 Rf5 31. fxe5 Rh5+ 32. Kg4 Rexe5 33. h4 Qe6+ 34. Kf3 Qd5+ 35. Kg4 Re3 36. Kh3 Be5 37. Nf3 Qxf3 38. Rag1 Bxg3 39. Qd1 0-1

[Event "FRA-chT 0304 Regionale"]
[Site "Bretagne "]
[Date "2004.03.14"]
[Round "6"]
[White "D'Aime, Gerard"]
[Black "Denes, Maxime"]
[Result "0-1"]
[WhiteElo "1499"]
[BlackElo "1950"]
[PlyCount "82"]
[EventDate "2003.01.16"]
[EventType "team"]
[EventRounds "7"]
[EventCountry "FRA"]
[SourceTitle "EXT 2007"]
[Source "ChessBase"]
[SourceDate "2006.11.23"]
[SourceVersion "1"]
[SourceVersionDate "2006.11.23"]
[SourceQuality "1"]

1. d4 Nf6 2. Nf3 g6 3. Bg5 Bg7 4. e3 h6 5. Bf4 d6 6. h3 0-0 7. Nbd2 c5 8. dxc5 dxc5 9. c3 Nc6 10. Be2 Bf5 11. 0-0 Bd3 12. Ne5 Nxe5 13. Bxe5 Qd5 14. Bxd3 Qxd3 15. Nf3 Rfd8 16. Re1 Rd5 17. Qxd3 Rxd3 18. Re2 Rad8 19. Kf1 Ne4 20. Bxg7 Kxg7 21. Ke1 Kf6 22. g4 Ng5 23. Nxg5 Kxg5 24. f4+ Kh4 25. Kf2 Kxh3 26. Kf3 Rd1 27. Rxd1 Rxd1 28. g5 h5 29. a3 f5 30. a4 Rf1+ 31. Rf2 Rxf2+ 32. Kxf2 Kg4 33. b4 cxb4 34. cxb4 h4 35. a5 h3 36. b5 h2 37. Kg2 h1Q+ 38. Kxh1 Kf3 39. Kh2 Kxe3 40. Kg3 b6 41. axb6 axb6 0-1

[Event "Fouesnant op 09th"]
[Site "Fouesnant"]
[Date "2003.10.29"]
[Round "7"]
[White "Algaba, Solene"]
[Black "Denes, Maxime"]
[Result "1/2-1/2"]
[WhiteElo "1990"]
[BlackElo "1700"]
[PlyCount "44"]
[EventDate "2003.10.25"]
[EventType "swiss"]
[EventRounds "9"]
[EventCountry "FRA"]
[SourceTitle "EXT 2006"]
[Source "ChessBase"]
[SourceDate "2005.11.24"]
[SourceVersion "1"]
[SourceVersionDate "2005.11.24"]
[SourceQuality "1"]

1. e4 c5 2. c3 Nf6 3. e5 Nd5 4. d4 cxd4 5. cxd4 d6 6. exd6 e6 7. Nc3 Qxd6 8. Nf3 Nc6 9. Bc4 Nb6 10. Bb3 Be7 11. 0-0 0-0 12. d5 exd5 13. Nxd5 Nxd5 14. Qxd5 Qxd5 15. Bxd5 Bf6 16. Re1 Bf5 17. Bxc6 bxc6 18. Ne5 Rfe8 19. Bf4 Re6 20. Rac1 Rae8 21. Rc5 Bd8 22. Bd2 Bf6 1/2-1/2

[Event "Fouesnant op 09th"]
[Site "Fouesnant"]
[Date "2003.10.27"]
[Round "4"]
[White "Bouquin, Arnaud"]
[Black "Denes, Maxime"]
[Result "1/2-1/2"]
[WhiteElo "1830"]
[BlackElo "1700"]
[PlyCount "64"]
[EventDate "2003.10.25"]
[EventType "swiss"]
[EventRounds "9"]
[EventCountry "FRA"]
[SourceTitle "EXT 2006"]
[Source "ChessBase"]
[SourceDate "2005.11.24"]
[SourceVersion "1"]
[SourceVersionDate "2005.11.24"]
[SourceQuality "1"]

1. e4 c5 2. Nf3 d6 3. d4 cxd4 4. Nxd4 Nf6 5. Nc3 g6 6. Be3 Bg7 7. Bc4 0-0 8. f3 Nc6 9. Nxc6 bxc6 10. Qd2 Qa5 11. Bh6 Bxh6 12. Qxh6 d5 13. exd5 cxd5 14. Qg5 Bf5 15. g4 d4 16. gxf5 dxc3 17. 0-0-0 Rab8 18. Bb3 Rb5 19. Qe3 cxb2+ 20. Kxb2 Re5 21. Qd4 Rxf5 22. f4 Qc7 23. Rhf1 Nh5 24. Qd7 Rc8 25. Rfe1 e6 26. Re4 Rxf4 27. Red4 Qc3+ 28. Kb1 Rxd4 29. Rxd4 Nf6 30. Qxa7 Qc5 31. Qa4 Qe5 32. h4 Qe1+ 1/2-1/2

[Event "Guingamp op 7th"]
[Site "Guingamp"]
[Date "2003.03.01"]
[Round "1"]
[White "Denes, Maxime"]
[Black "Ragot, Nicolas"]
[Result "0-1"]
[WhiteElo "1580"]
[BlackElo "2103"]
[PlyCount "44"]
[EventDate "2003.03.02"]
[EventType "swiss"]
[EventRounds "9"]
[EventCountry "FRA"]
[SourceTitle "EXT 2004"]
[Source "ChessBase"]
[SourceDate "2003.11.25"]
[SourceVersion "1"]
[SourceVersionDate "2003.11.25"]
[SourceQuality "1"]

1. e4 b6 2. d4 Bb7 3. d5 g6 4. Nf3 Bg7 5. c4 e6 6. Nc3 exd5 7. cxd5 d6 8. Qc2 a6 9. Bf4 Nd7 10. Rc1 Ngf6 11. b4 0-0 12. b5 a5 13. Nd4 Re8 14. Nc6 Bxc6 15. bxc6 Nc5 16. Bd3 Nfxe4 17. Bxe4 Bxc3+ 18. Qxc3 Nxe4 19. Qd4 Ng3+ 20. Kd2 Nxh1 21. Bh6 f6 22. g4 Qe7 0-1